000 00223nam a22000857a 4500
008 160711b xxu||||| |||| 00| 0 eng d
100 _92601
_a Prakash, V
245 _aConfident
260 _aNew Delhi
_bDreamland Publications
_c2004
999 _c2258
_d2258